000
00212 a2200097 4500
001
42112
100
_a
Watt, W M
245
_a
Muhammad at Mecca
260
_a
_b
Oxford University Press
_c
090
_c
26114
_d
26114
942
_a
NUST-CAE
_c
M
_c
17908
999
_c
277185
_d
277185